Introduction to Complex Analysis/ (Record no. 8469)
[ view plain ]
| 000 -LEADER | |
|---|---|
| fixed length control field | 00590nam a22002057a 4500 |
| 003 - CONTROL NUMBER IDENTIFIER | |
| control field | OSt |
| 005 - DATE AND TIME OF LATEST TRANSACTION | |
| control field | 20240614114809.0 |
| 008 - FIXED-LENGTH DATA ELEMENTS--GENERAL INFORMATION | |
| fixed length control field | 240614b |||||||| |||| 00| 0 eng d |
| 020 ## - INTERNATIONAL STANDARD BOOK NUMBER | |
| International Standard Book Number | 0198525621 |
| 040 ## - CATALOGING SOURCE | |
| Transcribing agency | MUST |
| 082 ## - DEWEY DECIMAL CLASSIFICATION NUMBER | |
| Classification number | 515.9 INT 2003 |
| 100 ## - MAIN ENTRY--PERSONAL NAME | |
| Personal name | Priestley H.A. |
| 9 (RLIN) | 3595 |
| 245 ## - TITLE STATEMENT | |
| Title | Introduction to Complex Analysis/ |
| Statement of responsibility, etc. | Priestley H.A |
| 250 ## - EDITION STATEMENT | |
| Edition statement | Second Edition. |
| 260 ## - PUBLICATION, DISTRIBUTION, ETC. (IMPRINT) | |
| Place of publication, distribution, etc. | New York, |
| Name of publisher, distributor, etc. | Oxfort University, |
| Date of publication, distribution, etc. | 2003. |
| 300 ## - PHYSICAL DESCRIPTION | |
| Extent | xii.,328p.: |
| Other physical details | ill; |
| Dimensions | 23.3cm. |
| 504 ## - BIBLIOGRAPHY, ETC. NOTE | |
| Bibliography, etc | Includes Bibliographical Appendixes and indexes. |
| 650 ## - SUBJECT ADDED ENTRY--TOPICAL TERM | |
| Topical term or geographic name as entry element | Mathimatics |
| 9 (RLIN) | 17220 |
| 942 ## - ADDED ENTRY ELEMENTS (KOHA) | |
| Source of classification or shelving scheme | Dewey Decimal Classification |
| Koha item type | Open Shelf |
| Withdrawn status | Lost status | Source of classification or shelving scheme | Damaged status | Not for loan | Home library | Current library | Source of acquisition | Inventory number | Total Checkouts | Full call number | Barcode | Date last seen | Koha item type |
|---|---|---|---|---|---|---|---|---|---|---|---|---|---|
| Dewey Decimal Classification | MUST Main Library | MUST Main Library | Purchase | 07/29073 | 515.9 INT 2003 | 2024-20510 | 14/06/2024 | Open Shelf |
